000 00571nam a2200181 i 4500
001 95356
003 ES-MaACL
005 20230906181704.0
007 t|
008 050526s1966 sp ||||1| spa d
100 1 _aLyonnet, Stanislas.
_974956
245 1 0 _aApóstol de Jesucristo /
_cStanislas Lyonnet; [edición preparada por Carlos Sierra y J. A. Paredes].
260 _aSalamanca :
_bSígueme,
_c1966.
300 _a279 p. ;
_c19 cm.
700 1 _aSierra, Carlos de la.
_9106244
700 1 _aParedes Muñoz, Juan A.
_989054
852 _aES-MaACL
_jC-30642
_bR.70062
999 _c95356
_d95356